[Event "NB I. Charousek csoport"]
[Site "Nagykanizsa"]
[Date "2023.12.10"]
[Round "5.4"]
[White "Demeter, Dorina"]
[Black "Glatt, Gabor"]
[Result "1-0"]
[WhiteElo "2216"]
[BlackElo "2184"]
[PlyCount "63"]
[EventDate "2023.10.08"]
[EventType "team-tourn"]
[EventRounds "11"]
[EventCountry "HUN"]
[Source "chess.hu"]
[WhiteTeam "Tuxera ANSK II."]
[BlackTeam "Balatonfuredi SC"]
[WhiteTeamCountry "HUN"]
[BlackTeamCountry "HUN"]

1. Nf3 Nf6 2. c4 g6 3. Nc3 Bg7 4. g3 O-O 5. Bg2 d6 6. O-O e5 7. d4 Nbd7 8. e4
c6 9. h3 exd4 10. Nxd4 Qb6 11. Nc2 Ne5 12. Be3 Qc7 13. Qe2 Re8 14. Rad1 b6 15.
b3 Bb7 16. Qd2 Rad8 17. f4 Ned7 18. Qxd6 Qc8 19. Qa3 Nh5 20. Ne2 c5 21. e5 Bxg2
22. Kxg2 Nxe5 23. fxe5 Qb7+ 24. Kf2 Bxe5 25. Qc1 Nf6 26. Bf4 Rxd1 27. Rxd1 Qe4
28. Qd2 g5 29. Bxe5 Rxe5 30. Qd3 Rf5+ 31. Kg1 Qe6 32. Ncd4 1-0

[Event "NB I. Charousek csoport"]
[Site "Nagykanizsa"]
[Date "2023.12.10"]
[Round "5.5"]
[White "Bodnar, Zoltan"]
[Black "Orso, Miklos"]
[Result "1/2-1/2"]
[WhiteElo "2116"]
[BlackElo "2173"]
[PlyCount "30"]
[EventDate "2023.10.08"]
[EventType "team-tourn"]
[EventRounds "11"]
[EventCountry "HUN"]
[Source "chess.hu"]
[WhiteTeam "Balatonfuredi SC"]
[BlackTeam "Tuxera ANSK II."]
[WhiteTeamCountry "HUN"]
[BlackTeamCountry "HUN"]

1. d4 Nf6 2. c4 e6 3. Nc3 Bb4 4. f3 c5 5. d5 Bxc3+ 6. bxc3 e5 7. Bg5 h6 8. Bxf6
Qxf6 9. e4 d6 10. Bd3 Nd7 11. a4 a5 12. Rb1 Kd8 13. Nh3 Kc7 14. O-O Qe7 15. Rb2
Ra6 1/2-1/2

[Event "NB I. Charousek csoport"]
[Site "Nagykanizsa"]
[Date "2023.12.10"]
[Round "5.6"]
[White "Bodo, Bence"]
[Black "Forgacs, Attila"]
[Result "1-0"]
[WhiteElo "2247"]
[BlackElo "2051"]
[PlyCount "61"]
[EventDate "2023.10.08"]
[EventType "team-tourn"]
[EventRounds "11"]
[EventCountry "HUN"]
[Source "chess.hu"]
[WhiteTeam "Tuxera ANSK II."]
[BlackTeam "Balatonfuredi SC"]
[WhiteTeamCountry "HUN"]
[BlackTeamCountry "HUN"]

1. e4 c5 2. Nf3 e6 3. c4 Nc6 4. Nc3 d6 5. d4 cxd4 6. Nxd4 Nf6 7. Be2 Be7 8. O-O
O-O 9. Be3 d5 10. exd5 exd5 11. cxd5 Nb4 12. Qb3 Nbxd5 13. Nxd5 Qxd5 14. Bc4
Qh5 15. Be2 Qd5 16. Bf3 Qxb3 17. Nxb3 Be6 18. Bxb7 Rab8 19. Bf3 a6 20. Bd4 Rfd8
21. Be5 Bd6 22. Bc3 Nd5 23. Ba5 Rd7 24. Rfd1 Bf8 25. Rac1 Nb6 26. Nd4 Bxa2 27.
Nc6 Rxd1+ 28. Rxd1 Rb7 29. Nb4 Bb3 30. Rd8 Rc7 31. Nc6 1-0

[Event "NB I. Charousek csoport"]
[Site "Nagykanizsa"]
[Date "2023.12.10"]
[Round "5.7"]
[White "Vargyas, Zoltan"]
[Black "Hardicsay, Peter"]
[Result "1/2-1/2"]
[WhiteElo "1914"]
[BlackElo "2175"]
[PlyCount "34"]
[EventDate "2023.10.08"]
[EventType "team-tourn"]
[EventRounds "11"]
[EventCountry "HUN"]
[Source "chess.hu"]
[WhiteTeam "Balatonfuredi SC"]
[BlackTeam "Tuxera ANSK II."]
[WhiteTeamCountry "HUN"]
[BlackTeamCountry "HUN"]

1. d4 Nf6 2. c4 e6 3. Nc3 Bb4 4. Nf3 c5 5. g3 O-O 6. Bg2 d6 7. O-O Nbd7 8. Nb5
cxd4 9. Qxd4 Bc5 10. Qd3 Qb6 11. a3 a6 12. Nc3 a5 13. Na4 Qc7 14. Rd1 Ba7 15.
Nc3 Bc5 16. b3 Ra6 17. Rb1 Ne5 1/2-1/2

[Event "NB I. Charousek csoport"]
[Site "Nagykanizsa"]
[Date "2023.12.10"]
[Round "5.8"]
[White "Varga, Richard"]
[Black "Antal, Jozsef"]
[Result "1-0"]
[WhiteElo "2004"]
[BlackElo "1830"]
[PlyCount "87"]
[EventDate "2023.10.08"]
[EventType "team-tourn"]
[EventRounds "11"]
[EventCountry "HUN"]
[Source "chess.hu"]
[WhiteTeam "Tuxera ANSK II."]
[BlackTeam "Balatonfuredi SC"]
[WhiteTeamCountry "HUN"]
[BlackTeamCountry "HUN"]

1. e4 e5 2. Nf3 Nf6 3. Nxe5 d6 4. Nf3 Nxe4 5. Nc3 Nxc3 6. dxc3 Nc6 7. Be3 Be7
8. Qd2 Be6 9. O-O-O Qd7 10. Kb1 O-O-O 11. Nd4 a6 12. Be2 Bf6 13. Bf3 Ne5 14.
Nxe6 fxe6 15. Be2 Nc6 16. Rhe1 Rhe8 17. g4 g6 18. g5 Bg7 19. h4 d5 20. f4 Ne7
21. Bg4 Nf5 22. Bg1 Qb5 23. h5 d4 24. Bxf5 Qxf5 25. cxd4 c5 26. hxg6 hxg6 27.
Qc3 Qxf4 28. Qxc5+ Qc7 29. Qa3 Rd5 30. Qh3 Qd7 31. Qg4 e5 32. Qe4 Qc6 33. c4
Rdd8 34. d5 Qd7 35. Bb6 Qf5 36. Bxd8 Kxd8 37. c5 Qxe4+ 38. Rxe4 Rf8 39. c6 Kc8
40. cxb7+ Kxb7 41. Rh1 Kb6 42. Rc1 Bh8 43. Rb4+ Ka7 44. d6 1-0

[Event "NB I. Charousek csoport"]
[Site "Nagykanizsa"]
[Date "2023.12.10"]
[Round "5.9"]
[White "Fur, Katinka"]
[Black "Sipos, Janos"]
[Result "1/2-1/2"]
[WhiteElo "1942"]
[BlackElo "2175"]
[PlyCount "171"]
[EventDate "2023.10.08"]
[EventType "team-tourn"]
[EventRounds "11"]
[EventCountry "HUN"]
[Source "chess.hu"]
[WhiteTeam "Balatonfuredi SC"]
[BlackTeam "Tuxera ANSK II."]
[WhiteTeamCountry "HUN"]
[BlackTeamCountry "HUN"]

1. d4 Nf6 2. c4 c5 3. d5 b5 4. cxb5 a6 5. bxa6 g6 6. Nc3 Bxa6 7. e4 Bxf1 8.
Kxf1 d6 9. g3 Bg7 10. Nf3 Nbd7 11. Kg2 O-O 12. a4 Qb6 13. Qc2 Ne8 14. Ra3 Nc7
15. Nd2 Rfb8 16. Re1 Qa6 17. b3 Ne5 18. Re3 Ng4 19. Re1 Bd4 20. Nd1 Ne5 21. Nb2
Bxb2 22. Bxb2 Nd3 23. Rea1 Nxb2 24. Qxb2 Qe2 25. Qc1 Rb4 26. Qe1 Qxe1 27. Rxe1
Nb5 28. Ra2 Nd4 29. Rb1 Rab8 30. Rab2 Kf8 31. f3 Ke8 32. Kf2 Kd7 33. Ke3 f5 34.
h3 fxe4 35. fxe4 Rf8 36. Rc1 Rfb8 37. Rcb1 e6 38. dxe6+ Kxe6 39. Kd3 Kd7 40.
Ke3 Kc6 41. Kd3 Rf8 42. Ke3 Re8 43. Kd3 Reb8 44. Ke3 g5 45. Kd3 h5 46. Ke3 h4
47. g4 Re8 48. Kd3 Ne6 49. Rh1 Nf4+ 50. Kc2 Ne2 51. Re1 Nd4+ 52. Kd3 Rf8 53.
Ke3 Rb7 54. Rh1 Ra8 55. Rhb1 Rb4 56. Kd3 Rf8 57. Ke3 Rf4 58. Rc1 d5 59. exd5+
Kxd5 60. Rc4 Rb8 61. a5 Nxb3 62. Rxf4 gxf4+ 63. Kxf4 Rf8+ 64. Kg5 Nxa5 65. Kxh4
Nc6 66. Nb3 c4 67. Rd2+ Ke4 68. Nc5+ Ke3 69. Rc2 Ne5 70. g5 Rc8 71. Ne6 Kd3 72.
Rg2 c3 73. Nf4+ Ke4 74. Kg3 c2 75. Ne2 Nd3 76. Rg1 Ke3 77. Nc1 Nxc1 78. Rxc1
Kd2 79. Rf1 c1=Q 80. Rxc1 Rxc1 81. Kf4 Rf1+ 82. Ke5 Ke3 83. g6 Rg1 84. Kf6 Kf4
85. g7 Rxg7 86. Kxg7 1/2-1/2

[Event "NB I. Charousek csoport"]
[Site "Nagykanizsa"]
[Date "2023.12.10"]
[Round "5.10"]
[White "Babits, Andras"]
[Black "Perkovits, Geza"]
[Result "1-0"]
[WhiteElo "2048"]
[BlackElo "1932"]
[PlyCount "34"]
[EventDate "2023.10.08"]
[EventType "team-tourn"]
[EventRounds "11"]
[EventCountry "HUN"]
[Source "chess.hu"]
[WhiteTeam "Tuxera ANSK II."]
[BlackTeam "Balatonfuredi SC"]
[WhiteTeamCountry "HUN"]
[BlackTeamCountry "HUN"]

1. e4 e5 2. Nf3 Nc6 3. Nc3 Nf6 4. h3 Bc5 5. Nxe5 Nxe5 6. d4 Bxd4 7. Qxd4 Nc6 8.
Qe3 O-O 9. Qg3 Kh8 10. Bg5 Nd4 11. O-O-O Ne6 12. h4 Qe8 13. Bxf6 gxf6 14. Nd5
Qd8 15. Qf3 Kg7 16. Rh3 d6 17. Rg3+ Kh8 1-0

[Event "NB I. Charousek csoport"]
[Site "Nagykanizsa"]
[Date "2023.12.10"]
[Round "5.11"]
[White "Palla, Gyorgy"]
[Black "Beznicza, Mira"]
[Result "1-0"]
[WhiteElo "1965"]
[BlackElo "1677"]
[PlyCount "87"]
[EventDate "2023.10.08"]
[EventType "team-tourn"]
[EventRounds "11"]
[EventCountry "HUN"]
[Source "chess.hu"]
[WhiteTeam "Balatonfuredi SC"]
[BlackTeam "Tuxera ANSK II."]
[WhiteTeamCountry "HUN"]
[BlackTeamCountry "HUN"]

1. Nf3 d5 2. g3 Nf6 3. Bg2 c5 4. O-O Bf5 5. d4 e6 6. c4 Nbd7 7. cxd5 exd5 8.
Nc3 Be7 9. Qb3 Nb6 10. dxc5 Bxc5 11. Qb5+ Nfd7 12. a4 Bc2 13. Ne1 a6 14. Qa5
Bb3 15. Nd3 Bd6 16. Bf4 Be7 17. e4 O-O 18. exd5 Bc4 19. Rfd1 Bxd3 20. Rxd3 Nc5
21. d6 Nxd3 22. dxe7 Qxe7 23. Qxb6 Nxf4 24. gxf4 Rab8 25. Rd1 Rfe8 26. h3 Qh4
27. f5 Re5 28. Qd6 Rbe8 29. Qd7 Re1+ 30. Rxe1 Rxe1+ 31. Bf1 Qg5+ 32. Kh2 h6 33.
Qd3 Qc1 34. Bg2 Qxb2 35. Qg3 Rc1 36. f6 g5 37. Ne4 Rc8 38. h4 Qe2 39. hxg5 Qh5+
40. Bh3 hxg5 41. Nxg5 Qh6 42. Kg2 Re8 43. Be6 Rf8 44. Nxf7+ 1-0

[Event "NB I. Charousek csoport"]
[Site "Szentgotthard"]
[Date "2024.02.18"]
[Round "6.1"]
[White "Fancsy, Imre"]
[Black "Sebenik, Matej"]
[Result "1/2-1/2"]
[WhiteElo "2353"]
[BlackElo "2536"]
[PlyCount "80"]
[EventDate "2023.10.08"]
[EventType "team-tourn"]
[EventRounds "11"]
[EventCountry "HUN"]
[Source "chess.hu"]
[WhiteTeam "Balatonfuredi SC"]
[BlackTeam "SZ-A STE"]
[WhiteTeamCountry "HUN"]
[BlackTeamCountry "HUN"]

1. Nf3 Nf6 2. g3 g6 3. Bg2 Bg7 4. c4 O-O 5. d4 d6 6. Nc3 Nbd7 7. O-O e5 8. e4
a6 9. h3 exd4 10. Nxd4 Re8 11. Be3 Rb8 12. b3 Ne5 13. Rc1 c5 14. Nde2 b5 15. f4
Ned7 16. Qxd6 b4 17. e5 bxc3 18. Nxc3 Bb7 19. Bxb7 Rxb7 20. Qd2 Nh5 21. g4 Qh4
22. Qg2 Qg3 23. Rf3 Qxg2+ 24. Kxg2 Nxf4+ 25. Bxf4 Nxe5 26. Re3 Re6 27. Rce1
Nxc4 28. Rxe6 fxe6 29. Na4 e5 30. Bg3 Nb6 31. Nxc5 Rc7 32. b4 Nd5 33. a3 a5 34.
Bxe5 Bxe5 35. Rxe5 axb4 36. Rxd5 bxa3 37. Ne6 Ra7 38. Rd1 a2 39. Ra1 Ra3 40.
Nf4 Kg7 1/2-1/2

[Event "NB I. Charousek csoport"]
[Site "Szentgotthard"]
[Date "2024.02.18"]
[Round "6.2"]
[White "Seres, Lajos"]
[Black "Pataki, Gyozo"]
[Result "1/2-1/2"]
[WhiteElo "2344"]
[BlackElo "2300"]
[PlyCount "29"]
[EventDate "2023.10.08"]
[EventType "team-tourn"]
[EventRounds "11"]
[EventCountry "HUN"]
[Source "chess.hu"]
[WhiteTeam "SZ-A STE"]
[BlackTeam "Balatonfuredi SC"]
[WhiteTeamCountry "HUN"]
[BlackTeamCountry "HUN"]

1. d4 d5 2. c4 c6 3. cxd5 cxd5 4. Nf3 Nc6 5. Nc3 Nf6 6. Bf4 Bf5 7. e3 e6 8. Bd3
Bxd3 9. Qxd3 Bd6 10. Bxd6 Qxd6 11. O-O O-O 12. Rac1 Rfc8 13. a3 h6 14. h3 Nd7
15. Nd2 1/2-1/2

[Event "NB I. Charousek csoport"]
[Site "Szentgotthard"]
[Date "2024.02.18"]
[Round "6.3"]
[White "Zentai, Peter"]
[Black "Magold, Filip"]
[Result "0-1"]
[WhiteElo "2256"]
[BlackElo "2400"]
[PlyCount "76"]
[EventDate "2023.10.08"]
[EventType "team-tourn"]
[EventRounds "11"]
[EventCountry "HUN"]
[Source "chess.hu"]
[WhiteTeam "Balatonfuredi SC"]
[BlackTeam "SZ-A STE"]
[WhiteTeamCountry "HUN"]
[BlackTeamCountry "HUN"]

1. d4 Nf6 2. c4 e6 3. g3 c5 4. d5 exd5 5. cxd5 g6 6. Nc3 Bg7 7. Bg2 O-O 8. Nf3
d6 9. O-O Re8 10. Re1 a6 11. a4 Qc7 12. h3 Nbd7 13. e4 Rb8 14. a5 b5 15. axb6
Rxb6 16. Qc2 Qb8 17. Nb1 Rb4 18. Nbd2 Nb6 19. Bf1 Bd7 20. Ra3 Bb5 21. b3 Qc8
22. Nc4 Bxc4 23. bxc4 Nfd7 24. Bd2 Ne5 25. Nxe5 Bxe5 26. Rb1 Rxb1 27. Qxb1 Nd7
28. Qa2 Nf6 29. Bg2 Bd4 30. Rxa6 Nxe4 31. Bxe4 Qxh3 32. Bg2 Qxg3 33. Be3 Bxe3
34. fxe3 Qxe3+ 35. Qf2 Qc1+ 36. Bf1 Re5 37. Qf6 Rg5+ 38. Kf2 Qd2+ 0-1

[Event "NB I. Charousek csoport"]
[Site "Szentgotthard"]
[Date "2024.02.18"]
[Round "6.4"]
[White "Takacs, Balazs"]
[Black "Glatt, Gabor"]
[Result "1-0"]
[WhiteElo "2323"]
[BlackElo "2175"]
[PlyCount "49"]
[EventDate "2023.10.08"]
[EventType "team-tourn"]
[EventRounds "11"]
[EventCountry "HUN"]
[Source "chess.hu"]
[WhiteTeam "SZ-A STE"]
[BlackTeam "Balatonfuredi SC"]
[WhiteTeamCountry "HUN"]
[BlackTeamCountry "HUN"]

1. e4 e5 2. Nf3 d6 3. d4 Nd7 4. Bc4 c6 5. Nc3 Be7 6. dxe5 dxe5 7. Ng5 Bxg5 8.
Qh5 Qe7 9. Qxg5 Ngf6 10. a4 O-O 11. b3 Nb6 12. Ba3 c5 13. Be2 a5 14. Qe3 Nbd7
15. g4 b6 16. g5 Ne8 17. Nd5 Qd8 18. O-O-O Nd6 19. Rd2 f5 20. gxf6 Nxf6 21.
Nxb6 Nfxe4 22. Nxa8 Bb7 23. Rhd1 Qxa8 24. Rxd6 Nxd6 25. Rxd6 1-0

[Event "NB I. Charousek csoport"]
[Site "Szentgotthard"]
[Date "2024.02.18"]
[Round "6.5"]
[White "Bodnar, Zoltan"]
[Black "Gjuran, Denis"]
[Result "0-1"]
[WhiteElo "2118"]
[BlackElo "2294"]
[PlyCount "64"]
[EventDate "2023.10.08"]
[EventType "team-tourn"]
[EventRounds "11"]
[EventCountry "HUN"]
[Source "chess.hu"]
[WhiteTeam "Balatonfuredi SC"]
[BlackTeam "SZ-A STE"]
[WhiteTeamCountry "HUN"]
[BlackTeamCountry "HUN"]

1. d4 d5 2. c4 e6 3. Nf3 Nf6 4. Nc3 Be7 5. Bg5 h6 6. Bf4 O-O 7. e3 b6 8. cxd5
Nxd5 9. Nxd5 Qxd5 10. a3 c5 11. dxc5 Qxc5 12. Rc1 Qa5+ 13. Qd2 Qxd2+ 14. Nxd2
Bf6 15. Bd6 Rd8 16. Ne4 Bxb2 17. Rc2 Bb7 18. Rxb2 Bxe4 19. Bg3 Nc6 20. f3 Bd3
21. Bc7 Rd5 22. e4 Rd7 23. Rd2 Rxc7 24. Bxd3 Ne5 25. Bb5 a6 26. Be2 h5 27. Kf2
Rc3 28. Ra1 Nc4 29. Rda2 Rd8 30. a4 h4 31. a5 h3 32. Ra4 hxg2 0-1

[Event "NB I. Charousek csoport"]
[Site "Szentgotthard"]
[Date "2024.02.18"]
[Round "6.6"]
[White "Kovac, Boris"]
[Black "Forgacs, Attila"]
[Result "1/2-1/2"]
[WhiteElo "2176"]
[BlackElo "2046"]
[PlyCount "45"]
[EventDate "2023.10.08"]
[EventType "team-tourn"]
[EventRounds "11"]
[EventCountry "HUN"]
[Source "chess.hu"]
[WhiteTeam "SZ-A STE"]
[BlackTeam "Balatonfuredi SC"]
[WhiteTeamCountry "HUN"]
[BlackTeamCountry "HUN"]

1. e4 c5 2. Nf3 d6 3. d4 cxd4 4. Nxd4 Nf6 5. Nc3 a6 6. Bg5 e6 7. f4 Nc6 8. Nb3
Be7 9. Qf3 Qc7 10. O-O-O Bd7 11. Bd3 h6 12. Bxf6 Bxf6 13. Ne2 Rc8 14. Kb1 b5
15. c3 Na5 16. Nxa5 Qxa5 17. Rc1 Qb6 18. h4 b4 19. c4 h5 20. g3 a5 21. Rh2 a4
22. Qf2 Qxf2 23. Rxf2 1/2-1/2

[Event "NB I. Charousek csoport"]
[Site "Szentgotthard"]
[Date "2024.02.18"]
[Round "6.7"]
[White "Vargyas, Zoltan"]
[Black "Volosin, Vladimir"]
[Result "0-1"]
[WhiteElo "1920"]
[BlackElo "2160"]
[PlyCount "68"]
[EventDate "2023.10.08"]
[EventType "team-tourn"]
[EventRounds "11"]
[EventCountry "HUN"]
[Source "chess.hu"]
[WhiteTeam "Balatonfuredi SC"]
[BlackTeam "SZ-A STE"]
[WhiteTeamCountry "HUN"]
[BlackTeamCountry "HUN"]

1. e4 c6 2. d4 d5 3. Nc3 dxe4 4. Nxe4 Nf6 5. Nxf6+ gxf6 6. Be3 Bf5 7. Nf3 e6 8.
g3 Be4 9. Bd3 Bg6 10. O-O Bg7 11. c4 Nd7 12. Be2 O-O 13. Nh4 Nb6 14. f4 Be4 15.
f5 Re8 16. Qb3 Qe7 17. Bg4 e5 18. Rae1 exd4 19. Bxd4 c5 20. Be3 Qc7 21. Bf4 Qc6
22. Rf2 Red8 23. Re3 Rd4 24. Nf3 Rxc4 25. Rfe2 Rc1+ 26. Kf2 Bd5 27. Qa3 h5 28.
Bxh5 Nc4 29. Qd3 Nxe3 30. Qxe3 Rd1 31. b3 b5 32. Kg2 c4 33. bxc4 bxc4 34. Kh3
Rd3 0-1

[Event "NB I. Charousek csoport"]
[Site "Szentgotthard"]
[Date "2024.02.18"]
[Round "6.9"]
[White "Fur, Katinka"]
[Black "Makk, Norbert"]
[Result "1/2-1/2"]
[WhiteElo "1948"]
[BlackElo "1984"]
[PlyCount "21"]
[EventDate "2023.10.08"]
[EventType "team-tourn"]
[EventRounds "11"]
[EventCountry "HUN"]
[Source "chess.hu"]
[WhiteTeam "Balatonfuredi SC"]
[BlackTeam "SZ-A STE"]
[WhiteTeamCountry "HUN"]
[BlackTeamCountry "HUN"]

1. d4 d5 2. Nf3 Nf6 3. c4 c6 4. Nc3 e6 5. Bg5 Be7 6. Qc2 O-O 7. e3 Nbd7 8. cxd5
exd5 9. Bd3 Re8 10. O-O h6 11. Bf4 1/2-1/2

[Event "NB I. Charousek csoport"]
[Site "Szentgotthard"]
[Date "2024.02.18"]
[Round "6.11"]
[White "Kun, Balint"]
[Black "Szabo, Zsombor"]
[Result "1/2-1/2"]
[WhiteElo "1915"]
[BlackElo "1641"]
[PlyCount "21"]
[EventDate "2023.10.08"]
[EventType "team-tourn"]
[EventRounds "11"]
[EventCountry "HUN"]
[Source "chess.hu"]
[WhiteTeam "Balatonfuredi SC"]
[BlackTeam "SZ-A STE"]
[WhiteTeamCountry "HUN"]
[BlackTeamCountry "HUN"]

1. e4 e6 2. d4 d5 3. Nd2 a6 4. Bd3 c5 5. c3 Nc6 6. exd5 exd5 7. Ne2 Nf6 8. h3
Bd6 9. Nf3 O-O 10. O-O Re8 11. Bg5 1/2-1/2

[Event "NB I. Charousek csoport"]
[Site "Ajka"]
[Date "2024.02.18"]
[Round "6.1"]
[White "Aczel, Gergely"]
[Black "Egresi, Mate"]
[Result "1-0"]
[WhiteElo "2484"]
[BlackElo "2389"]
[PlyCount "107"]
[EventDate "2023.10.08"]
[EventType "team-tourn"]
[EventRounds "11"]
[EventCountry "HUN"]
[Source "chess.hu"]
[WhiteTeam "Tuxera ANSK II."]
[BlackTeam "Sentimento Ajka BSK"]
[WhiteTeamCountry "HUN"]
[BlackTeamCountry "HUN"]

1. d4 d5 2. c4 e6 3. Nc3 Nf6 4. cxd5 Nxd5 5. e4 Nxc3 6. bxc3 c5 7. Nf3 cxd4 8.
cxd4 Bb4+ 9. Bd2 Bxd2+ 10. Qxd2 O-O 11. Bc4 Nd7 12. O-O b6 13. Rad1 Bb7 14.
Rfe1 Nf6 15. Qd3 a6 16. Bb3 b5 17. h3 Rc8 18. Ng5 Qd7 19. e5 h6 20. exf6 hxg5
21. fxg7 Rfe8 22. Qg3 f6 23. h4 Bd5 24. hxg5 Qxg7 25. g6 Rcd8 26. Rc1 Bxb3 27.
axb3 Qh6 28. Rc6 Rxd4 29. Qf3 Qxg6 30. Rxa6 Rd3 31. Qe2 Qf5 32. Rxe6 Rxe6 33.
Qxe6+ Qxe6 34. Rxe6 Kf7 35. Re3 Rd2 36. Re4 Rd3 37. Rb4 Rd5 38. g3 Kg6 39. Kg2
Kg5 40. Kf3 Re5 41. Rg4+ Kf5 42. Rf4+ Kg5 43. b4 Rd5 44. Ke4 Re5+ 45. Kd4 Re2
46. Kc5 Re5+ 47. Kc6 f5 48. Rd4 Re2 49. f4+ Kg4 50. Rd3 Rg2 51. Kxb5 Rxg3 52.
Rxg3+ Kxg3 53. Ka6 Kxf4 54. b5 1-0

[Event "NB I. Charousek csoport"]
[Site "Ajka"]
[Date "2024.02.18"]
[Round "6.2"]
[White "Jakab, Attila"]
[Black "Horvath, Csaba"]
[Result "1/2-1/2"]
[WhiteElo "2278"]
[BlackElo "2497"]
[PlyCount "68"]
[EventDate "2023.10.08"]
[EventType "team-tourn"]
[EventRounds "11"]
[EventCountry "HUN"]
[Source "chess.hu"]
[WhiteTeam "Sentimento Ajka BSK"]
[BlackTeam "Tuxera ANSK II."]
[WhiteTeamCountry "HUN"]
[BlackTeamCountry "HUN"]

1. d4 Nf6 2. c4 e6 3. Nc3 Bb4 4. Qc2 c5 5. dxc5 O-O 6. Nf3 Na6 7. g3 Nxc5 8.
Bd2 b6 9. Bg2 Bb7 10. O-O Rc8 11. Rad1 a6 12. Bf4 Re8 13. Bd6 Bxc3 14. Qxc3
Nfe4 15. Qe3 Nxd6 16. Rxd6 Qc7 17. Rd2 d5 18. cxd5 Bxd5 19. Rfd1 Ne4 20. Rd4
Nf6 21. Ne1 Bxa2 22. Qa3 e5 23. Ra4 Be6 24. Rxa6 e4 25. Qb4 Bc4 26. Rc1 Nd5 27.
Qd2 Bxa6 28. Rxc7 Nxc7 29. Nc2 Red8 30. Qe1 Nd5 31. Bxe4 Nf6 32. Bf5 Rc5 33.
Ne3 g6 34. Bc2 Bb7 1/2-1/2

[Event "NB I. Charousek csoport"]
[Site "Ajka"]
[Date "2024.02.18"]
[Round "6.3"]
[White "Markoja, Boris"]
[Black "Martini, Balazs"]
[Result "1/2-1/2"]
[WhiteElo "2463"]
[BlackElo "2349"]
[PlyCount "43"]
[EventDate "2023.10.08"]
[EventType "team-tourn"]
[EventRounds "11"]
[EventCountry "HUN"]
[Source "chess.hu"]
[WhiteTeam "Tuxera ANSK II."]
[BlackTeam "Sentimento Ajka BSK"]
[WhiteTeamCountry "HUN"]
[BlackTeamCountry "HUN"]

1. Nf3 Nf6 2. c4 g6 3. g3 Bg7 4. Bg2 O-O 5. d4 d6 6. Nc3 c6 7. e4 Qa5 8. O-O
Qa6 9. Qd3 d5 10. b3 Nxe4 11. Nxe4 Bf5 12. Ne5 dxe4 13. Bxe4 Rd8 14. f4 e6 15.
g4 Bxe4 16. Qxe4 Nd7 17. Be3 c5 18. dxc5 Nxe5 19. fxe5 Qc6 20. Qxc6 bxc6 21.
Bf4 Rd4 22. Rad1 1/2-1/2

[Event "NB I. Charousek csoport"]
[Site "Ajka"]
[Date "2024.02.18"]
[Round "6.5"]
[White "Krutti, Valer"]
[Black "Konyves, Almos"]
[Result "1/2-1/2"]
[WhiteElo "2250"]
[BlackElo "2308"]
[PlyCount "105"]
[EventDate "2023.10.08"]
[EventType "team-tourn"]
[EventRounds "11"]
[EventCountry "HUN"]
[Source "chess.hu"]
[WhiteTeam "Tuxera ANSK II."]
[BlackTeam "Sentimento Ajka BSK"]
[WhiteTeamCountry "HUN"]
[BlackTeamCountry "HUN"]

1. d4 Nf6 2. c4 e6 3. Nf3 d5 4. g3 dxc4 5. Bg2 Nc6 6. O-O Rb8 7. e3 Be7 8. Qe2
b5 9. b3 O-O 10. Rd1 Nb4 11. Ne5 Bb7 12. bxc4 bxc4 13. Bxb7 Rxb7 14. Qxc4 Qd5
15. Qe2 Nxa2 16. Rxa2 Rxb1 17. Rxa7 Ne4 18. Qc2 Rb3 19. f3 Ng5 20. e4 Qb5 21.
Rxc7 Bd6 22. Rc8 Nxf3+ 23. Nxf3 Rxf3 24. Qc4 Qd7 25. Rxf8+ Bxf8 26. Kg2 Rf6 27.
Bf4 Qb7 28. Qd3 h5 29. Rb1 Qa7 30. Qd2 Qa3 31. Qe2 h4 32. Bg5 h3+ 33. Kxh3 Rf3
34. Rb8 Rc3 35. Bf4 f6 36. Qb2 Qxb2 37. Rxb2 Rc4 38. Rd2 Bb4 39. Rd3 Kf7 40.
Kg4 Bc3 41. Be3 e5 42. dxe5 Bxe5 43. Kf3 Ke6 44. Rb3 Rc3 45. Rxc3 Bxc3 46. Bf4
f5 47. exf5+ Kxf5 48. g4+ Ke6 49. Ke4 g6 50. Be3 Be5 51. Bf4 Bc3 52. Bc7 Be1
53. h3 1/2-1/2

[Event "NB I. Charousek csoport"]
[Site "Ajka"]
[Date "2024.02.18"]
[Round "6.6"]
[White "Kolimar, Kristof Pal"]
[Black "Orso, Miklos"]
[Result "1-0"]
[WhiteElo "2269"]
[BlackElo "2172"]
[PlyCount "87"]
[EventDate "2023.10.08"]
[EventType "team-tourn"]
[EventRounds "11"]
[EventCountry "HUN"]
[Source "chess.hu"]
[WhiteTeam "Sentimento Ajka BSK"]
[BlackTeam "Tuxera ANSK II."]
[WhiteTeamCountry "HUN"]
[BlackTeamCountry "HUN"]

1. d4 Nf6 2. c4 e6 3. g3 Bb4+ 4. Bd2 Be7 5. Bg2 d5 6. Nf3 O-O 7. O-O Nbd7 8.
Qc2 c6 9. Bf4 Ne4 10. Ne5 Nxe5 11. dxe5 Nc5 12. Rd1 Qe8 13. Nc3 Nd7 14. cxd5
exd5 15. e4 d4 16. Rxd4 Bc5 17. Rd2 Bb6 18. Na4 Nxe5 19. Nxb6 axb6 20. Be3 c5
21. h3 Nc6 22. a3 Be6 23. f4 f6 24. Bf1 Qf7 25. Qc3 Bb3 26. a4 Kh8 27. Ra3 Na5
28. Rd6 Bc4 29. Bg2 Ba6 30. b3 Nc6 31. Ra1 Qe7 32. Rd2 Rfd8 33. Rad1 Rxd2 34.
Rxd2 Rd8 35. Rd5 Nb4 36. Rxd8+ Qxd8 37. e5 fxe5 38. fxe5 Kg8 39. e6 Nc6 40. Qc2
Qd6 41. Qf5 Qe7 42. Bd5 Nd4 43. Qe5 Nc6 44. Bg5 1-0

[Event "NB I. Charousek csoport"]
[Site "Ajka"]
[Date "2024.02.18"]
[Round "6.7"]
[White "Bodo, Bence"]
[Black "Szelenyi, Norbert"]
[Result "1-0"]
[WhiteElo "2252"]
[BlackElo "2259"]
[PlyCount "77"]
[EventDate "2023.10.08"]
[EventType "team-tourn"]
[EventRounds "11"]
[EventCountry "HUN"]
[Source "chess.hu"]
[WhiteTeam "Tuxera ANSK II."]
[BlackTeam "Sentimento Ajka BSK"]
[WhiteTeamCountry "HUN"]
[BlackTeamCountry "HUN"]

1. e4 c5 2. Nf3 a6 3. c4 e6 4. Nc3 d6 5. d4 cxd4 6. Nxd4 Nf6 7. Be2 Be7 8. O-O
O-O 9. Be3 b6 10. Rc1 Bb7 11. f3 Nbd7 12. Qd2 Qc7 13. g4 h6 14. Rf2 Nh7 15. f4
Rac8 16. g5 hxg5 17. fxg5 Ne5 18. b3 Qb8 19. Rcf1 Qa8 20. Na4 Bd8 21. Nxe6 fxe6
22. Qxd6 Rxf2 23. Rxf2 Bxg5 24. Bd4 Rc6 25. Qxe5 Bf6 26. Rxf6 Nxf6 27. Nxb6 Qe8
28. Bf3 Qg6+ 29. Kf1 Kh7 30. c5 Rxb6 31. cxb6 Nxe4 32. Ke2 Bd5 33. a4 Nf6 34.
Bxd5 Qc2+ 35. Kf1 Qd1+ 36. Kg2 exd5 37. Qf5+ Kg8 38. b7 Qe2+ 39. Bf2 1-0

[Event "NB I. Charousek csoport"]
[Site "Ajka"]
[Date "2024.02.18"]
[Round "6.8"]
[White "Kozma, Karoly"]
[Black "Hardicsay, Peter"]
[Result "1/2-1/2"]
[WhiteElo "2207"]
[BlackElo "2172"]
[PlyCount "26"]
[EventDate "2023.10.08"]
[EventType "team-tourn"]
[EventRounds "11"]
[EventCountry "HUN"]
[Source "chess.hu"]
[WhiteTeam "Sentimento Ajka BSK"]
[BlackTeam "Tuxera ANSK II."]
[WhiteTeamCountry "HUN"]
[BlackTeamCountry "HUN"]

1. Nf3 Nf6 2. g3 d5 3. Bg2 c6 4. O-O Bg4 5. d3 Nbd7 6. Nbd2 h6 7. e4 dxe4 8.
dxe4 Ne5 9. Qe2 Qc7 10. h3 Nxf3+ 11. Nxf3 Bxf3 12. Bxf3 e5 13. Be3 Be7 1/2-1/2